| 000 | 03163nam a22003737a 4500 | ||
|---|---|---|---|
| 005 | 20100522121449.0 | ||
| 010 | _aEN-96140 B-424962-972 | ||
| 020 |
_a8175245778 _c600.00 |
||
| 020 |
_a9788175245778 _c600.00 |
||
| 035 | _aEN-79673 | ||
| 035 | _aB-424962-972 | ||
| 037 | _bDBAD/PUB | ||
| 037 | _bResearchco Book Centre | ||
| 082 | _a796.325 | ||
| 100 |
_aSolanki, Vivek _91558 |
||
| 245 |
_aVolleyball : _cby Vivek Solanki _bskills & rules / |
||
| 260 |
_aNew Delhi _bKhel Sahitya Kendra _c2010 |
||
| 270 |
_a7/26, Ansari Road, Darya Ganj, _bNew Delhi _e110002 |
||
| 300 |
_a336p.: _c23cm (Hb) _bill. |
||
| 942 |
_2ddc _cEN _mSOL _h796.325 |
||
| 999 |
_c36282 _d36282 |
||